| 000 | 00430nam a2200157 i 4500 | ||
|---|---|---|---|
| 001 | 146464 | ||
| 003 | ES-MaACL | ||
| 005 | 20230906201536.0 | ||
| 007 | t| | ||
| 008 | 070910s1959 xxc ||||1| eng d | ||
| 100 | 1 |
_aToye, William. _9111193 |
|
| 245 | 1 | 4 |
_aThe St Lawrence / _cWilliam Toye. |
| 260 |
_aToronto : _bOxford University Press, _c1959. |
||
| 300 |
_a296 p. : _bil. ; _c22 cm. |
||
| 852 |
_aES-MaACL _jC-21522 _bR.49854 |
||
| 999 |
_c146464 _d146464 |
||